| 000 | 01326nam a2200385 i 4500 | ||
|---|---|---|---|
| 001 | 000020063 | ||
| 003 | DO-SdBNP | ||
| 005 | 20240621145639.0 | ||
| 006 | a||||gr|||| 00| 0 | ||
| 007 | ta | ||
| 008 | 100719s1968 sp 001 p spa d | ||
| 040 |
_aDO-SdBNP _bspa _cBNPHU _erda |
||
| 082 | 4 |
_a851.1 _bF632, 1968 _222 |
|
| 245 | 0 | 4 |
_aLas florecillas de San Francisco ; _bEl cántico del sol / _ccompilación de Francisco Sureda Blanes. |
| 246 | 0 | 3 | _aFrancisco Sureda Blanes. |
| 250 | _a4a. edición | ||
| 264 |
_aMadrid : _bEspesa-Calpe, _c1968 |
||
| 300 |
_a228 páginas ; _c18 cm. |
||
| 336 |
_2rdacontent _atexto _btxt |
||
| 337 |
_2rdamedia _asin mediación _bn |
||
| 338 |
_2rdacarrier _avolumen _bnc |
||
| 490 | 1 |
_aAustral ; _v468 |
|
| 500 | _aIncluye índice de autores. | ||
| 501 | _aEncuadernado con "Las florecillas de San Francisco". | ||
| 563 | _aDos obras publicadas juntas con paginación continua. | ||
| 590 | _aInventariado 2024 / MF | ||
| 600 | 1 | 4 |
_aFrancisco, _cDe Asís, _d1182-1226 _942628 |
| 650 | 4 |
_aPoesía italiana _94554 |
|
| 650 | 4 |
_aLiteratura italiana _93329 |
|
| 650 | 4 |
_aSantos _vBiografías _936514 |
|
| 700 | 1 |
_aSureda, Francisco, _ecompilador _tEl cántico del sol _985727 |
|
| 700 | 1 |
_aSureda, Francisco, _ecompilador _942629 |
|
| 740 | 3 | _aEl cántico del sol | |
| 942 |
_2ddc _cLBS1 |
||
| 999 |
_c19571 _d19571 |
||